Riding the waves of culture : Understanding cultural diversi (Record no. 5092)
[ view plain ]
| 000 -LEADER | |
|---|---|
| fixed length control field | 00441nam a2200169Ia 4500 |
| 001 - CONTROL NUMBER | |
| control field | 4997 |
| 008 - FIXED-LENGTH DATA ELEMENTS--GENERAL INFORMATION | |
| fixed length control field | 140318s9999 xx 000 0 und d |
| 020 ## - INTERNATIONAL STANDARD BOOK NUMBER | |
| International Standard Book Number | 1-85788-033-1 |
| 040 ## - CATALOGING SOURCE | |
| Transcribing agency | PK-LaUMT |
| 082 ## - DEWEY DECIMAL CLASSIFICATION NUMBER | |
| Classification number | 306 |
| Item number | TRO-R |
| 100 ## - MAIN ENTRY--PERSONAL NAME | |
| Personal name | Trompenaars, Fons |
| 245 ## - TITLE STATEMENT | |
| Title | Riding the waves of culture : Understanding cultural diversi |
| Statement of responsibility, etc | Trompenaars, Fons |
| 260 ## - PUBLICATION, DISTRIBUTION, ETC. (IMPRINT) | |
| Place of publication, distribution, etc | London,UK: |
| Name of publisher, distributor, etc | Nicholas, |
| Date of publication, distribution, etc | 1993 |
| 300 ## - PHYSICAL DESCRIPTION | |
| Extent | 192 p. |
| 546 ## - LANGUAGE NOTE | |
| Language note | EN |
| 942 ## - ADDED ENTRY ELEMENTS (KOHA) | |
| Koha item type | Books |
| Withdrawn status | Lost status | Damaged status | Not for loan | Home library | Current library | Date acquired | Total Checkouts | Full call number | Barcode | Date last seen | Price effective from | Koha item type |
|---|---|---|---|---|---|---|---|---|---|---|---|---|
| UMT Main Campus | UMT Main Campus | 2014-03-18 | 306 TRO-R | 5343 | 2014-03-18 | 2014-03-18 | Books |
